| 000 | 01100nam0a22003011 4500 | ||
|---|---|---|---|
| 001 | RU\INFOCOMM_318\NLR\5000074370 | ||
| 005 | 20250613102502.0 | ||
| 035 | _a(NLR Aleph) 009444966 | ||
| 090 |
_a8368880 _c8368880 |
||
| 100 | _a20121127d1964 |||y0rusy50 ca | ||
| 101 | 0 | _afre | |
| 102 | _aRU | ||
| 105 | _ay z ||||| | ||
| 200 | 1 |
_aLe pilier du colonialisme moderne _fN. Inozemtsev |
|
| 210 |
_a[M.] _cÉd. de l'Agence de presse "Novosti" _d1964 |
||
| 215 |
_a44 с. _cпортр. _d20 см |
||
| 300 | _aНа обл. авт. не указан | ||
| 300 | _aНа обороте тит. л.: Н. Иноземцев. Империализм США - оплот современного колониализма | ||
| 606 |
_aНеоколониализм _yСоединенные Штаты _2nlr_sh1 |
||
| 620 | _aМосква | ||
| 686 |
_aИ8-280 _2rubbk |
||
| 700 | 1 |
_9z01790 _aInozemcev _bN. N. _f1921-1982 _gNikolaj Nikolaevič |
|
| 790 | 1 |
_9z01700 _aInozemtsev _bN. _4070 |
|
| 801 | 1 |
_aRU _bNLR _c20121127 |
|
| 801 | 0 |
_aRU _bINFOCOMM _gPSBO |
|
| 852 |
_aNLR _jИ97 Г-4/113 |
||
| 942 | _cBOOK | ||
| 980 | _aNB | ||